Library of the University of Algiers 3
Ibrahim Sultan Cheibout
شعار جامعة الجزائر 3
مكتبة جامعة الجزائر 3
إبراهيم سلطان شيبوط

التنمية والتخلف في العالم العربي : (رقم التسجيلة. 42866)

تفاصيل مارك
000 -LEADER
fixed length control field 01761nam a2200229Ia 4500
003 - CONTROL NUMBER IDENTIFIER
control field Ost
005 - DATE AND TIME OF LATEST TRANSACTION
control field 20260507075110.0
008 - FIXED-LENGTH DATA ELEMENTS--GENERAL INFORMATION
fixed length control field 260507s9999||||xx |||||||||||||| ||und||
040 ## - CATALOGING SOURCE
Transcribing agency fsecg
041 ## - LANGUAGE CODE
Language code of text/sound track or separate title ara
082 ## - DEWEY DECIMAL CLASSIFICATION NUMBER
Classification number 330
100 ## - MAIN ENTRY--PERSONAL NAME
Personal name حيدر، فؤاد
Relator term مؤلف
245 #0 - TITLE STATEMENT
Title التنمية والتخلف في العالم العربي :
Remainder of title طروحات تنموية للتخلف /
Statement of responsibility, etc. فؤاد حيدر
260 ## - PUBLICATION, DISTRIBUTION, ETC.
Place of publication, distribution, etc. بيروت:
Name of publisher, distributor, etc. دار الفكر العربي,
Date of publication, distribution, etc. 1990
300 ## - PHYSICAL DESCRIPTION
Extent 213 صفحة؛
Dimensions 24 سم
520 ## - SUMMARY, ETC.
Summary, etc. هذا الكتاب 1- دور التنمية والتخطيط الاجتماعي في التغير 2- التنمية في الفكر الاقتصادي والاجتماعي 3- التنمية والبناء الاجتماعي والاقتصادي 4- دور التخطيط في التنمية الاقتصادية والاجتماعية خلاصة القسم الأول : دور التنمية في التغير الاجتماعي القسم الثاني : التنمية والتخلف في العالم العربي 1- السكان والتنمية الاقتصادية والاجتماعية في الوطن العربي 2- النشاطات الاقتصادية الأساسية في الوطن العربي 3- التبادل الدولي وتأثيره على العالم العربي 4- دور القيم في التنمية الاقتصادية والاجتماعية في الوطن العربي 5- الخدمات الاجتماعية في العالم العربي 6- الطروحات التنموية للتخلف في العالم العربي
653 ## - INDEX TERM--UNCONTROLLED
Uncontrolled term التخطيط
653 ## - INDEX TERM--UNCONTROLLED
Uncontrolled term التخلف
653 ## - INDEX TERM--UNCONTROLLED
Uncontrolled term التنمية
653 ## - INDEX TERM--UNCONTROLLED
Uncontrolled term العالم عربي
942 ## - ADDED ENTRY ELEMENTS (KOHA)
Koha item type كتب
المقتنيات
Withdrawn status Lost status Source of classification or shelving scheme Damaged status Not for loan Home library Current library Date acquired Serial enumeration / chronology Inventory number Total checkouts Full call number Barcode Date last seen Price effective from Koha item type
    Dewey Decimal Classification   NOT LOAN / إعارة داخلية مكتبة كلية العلوم الإقتصادية والعلوم التجارية وعلوم التسيير مكتبة كلية العلوم الإقتصادية والعلوم التجارية وعلوم التسيير 07/05/2026 الطابق الأرضي 1462/1   أ/1462ن1 1462/1 07/05/2026 07/05/2026 كتب

موارد الويب المفتوحة


© University of Algiers 3 All Rights Reserved
|
Implemented by LECHELAH Riad